The mother abides : (Record no. 78078)

MARC details
000 -LEADER
fixed length control field 00523nam a22001697a 4500
005 - DATE AND TIME OF LATEST TRANSACTION
control field 20130726115954.0
010 ## - LCCN (DPL NO)
LC control number ENG-108153
020 ## - INTERNATIONAL STANDARD BOOK NUMBER
International Standard Book Number 9788170589334
Terms of availability 70.00
035 ## - SYSTEM CONTROL NUMBER
System control number EN-91686
037 ## - SOURCE OF ACQUISITION
Source of stock number/acquisition DBAD/PUB
100 ## - MAIN ENTRY--PERSONAL NAME
Personal name Gupta, Nolini Kanta
245 ## - TITLE STATEMENT
Title The mother abides :
Remainder of title final reflections 1973-1983 /
Statement of responsibility, etc by Nolini Kanta Gupta
260 ## - PUBLICATION, DISTRIBUTION, ETC. (IMPRINT)
Place of publication, distribution, etc Pondicherry
Name of publisher, distributor, etc Sri Aurobindo Ashram
Date of publication, distribution, etc 2012
270 ## - ADDRESS
City Pondicherry
Postal code 605002
Address Sri Aurobindo Ashram Publication Department
300 ## - PHYSICAL DESCRIPTION
Extent 118p.
Dimensions 20cm(pbk)
942 ## - ADDED ENTRY ELEMENTS (KOHA)
Source of classification or shelving scheme Dewey Decimal Classification
Item type English Books
Call number suffix GUP
Holdings
Withdrawn status Lost status Not for loan Collection code Home library Current library Date acquired Source of acquisition Cost, normal purchase price Full call number Barcode Copy number Cost, replacement price Koha item type
    Not For Loan Non-fiction D.B.Act.Division D.B.Act.Division 26/07/2013 DBAD/PUB 70.00 GUP EN-91686 1 70.00 English Books

© Delhi Public Library
Hit Counter
free hit counter